MARC

Tag First Indicator Second Indicator Subfields
LEADER 00000cam a2200000 i 4500
001 in00000023510
005 20151007064450.0
008 790801m19309999rurh b 00000 rus
010 |a  79362627  
035 |a (OCoLC)05617324 
035 |9 AAD9891AM 
040 |a DLC  |c DLC  |d TXA  |d UtOrBLW 
043 |a e-ur-ru 
049 |a TXAM  |v 1 [1405567] 
050 0 0 |a PN5277.P6  |b R8 
090 |a PN5277.P6  |b R8 1930a 
245 0 0 |a Russkaia zhurnalistika /  |c pod red. i s predisl. Valer. 
264 1 |a Moskva :  |b Academia ;  |c 1930- 
264 2 |a Pullman, Mich. :  |b Distributed by Russian Language Specialties, 
300 |a volumes :  |b facsimiles ;  |c 20 cm. 
336 |a text  |b txt  |2 rdacontent 
337 |a unmediated  |b n  |2 rdamedia 
338 |a volume  |b nc  |2 rdacarrier 
500 |a At head of title, volume 1- : Institut iazyka i literatury RANION. Otdel kritiki i publitsistiki. 
500 |a Distributor label mounted on title page. 
500 |a In Cyrillic characters. 
504 |a Includes bibliographical references. 
505 0 |a 1. Shestidesiatye gody. 
650 0 |a Press and politics  |z Soviet Union  |x History. 
700 1 |a Lebedev-Poli︠a︡nskiĭ, P. I.  |q (Pavel Ivanovich),  |d 1881-1948. 
710 2 |a Rossiĭskai︠a︡ assot︠s︡iat︠s︡ii︠a︡ nauchno-issledovatelʹskikh institutov obshchestvennykh nauk.  |b Institut i︠a︡zyka i literatury.  |b Otdel kritiki i publit︠s︡istiki. 
999 |a MARS 
999 f f |s 52fd1aa2-deda-3f0b-9ad0-db693b15c0f4  |i 7b91a033-58e6-3270-b1be-722b0d53e629  |t 0 
952 f f |p ric  |a Texas A&M University  |b Rellis Campus  |c Joint Library Facility  |d Remote Storage  |t 0  |e PN5277.P6 R8 1930a  |h Library of Congress classification  |i unmediated -- volume  |k v.1  |m A14803732459 
998 f f |a PN5277.P6 R8 1930a  |s v1  |t 0  |l Remote Storage